01001nam a22002057a 450000500170000000800410001704000290005804100080008708200160009510000220011124500430013325000220017626000810019830000310027950002760031050501380058650600210072465000240074565000260076920141112150857.0141007s1923 ag ||||fr|||| 001 p spa d cSandra YazodSandra Yazo0 aspa04220a861.9421 aCardevila, Arturo13aEl poema de NenufarcArturo Cardevilla aTerdera edición aBuenos Aires (Argentina)bLos talleres gráficos de Antonio Mercatalic1923 a147 páginasc18 x 12 cm. aDetalles físicos: Encuadernación rígida en cartón forrado en papel. Lomo en tela con adornos en dorado. Guardas en papel impreso. Anteportada. Portada impresa en una sola tinta, con una ilustración. Texto en una columna. Márgenes amplios. Texto en una columna0 aPrólogo ; Platicas con Nenufar ; Versos que escucho Nenufar, en las tardes serenas ; En las tardes grises ; En las últimas tardes aConsulta en sala 7aPoesía argentina  7aLiteratura argentina